00877nam a22002417a 45000010005000000030006000050050017000110080041000280200018000690400029000870500014001160820009001301000021001392450080001602600035002403000043002755050008003185200191003265210030005175210018005476500036005657000034006013124FISKH20240207142318.0240207b cb ||||| |||| 00| 0 eng d a9780439959728 aFISKHbengcFISKHdFISKH aPN6110.C4 a821  aCurry, Jennifer  aSchool Poems / cCompiled by Jennifer Curry ; Illustrated by Kate Sheppard  aLondon : bScholastic, c1999. a123 pages : billustrations ; c20 cm  aQ  aThis is a collection of poems all associated with school. Hear the song of the starving dinner ladies! Discover the Head's hideout! Find out who Sue's kissing! And fly the class rocket! 8 a670 bLexile estimate 8 aQ bRaz-Plus  aBack to schoolvFictionxPoetry aSheppard, Kate eIllustrator